| 000 | 00593nam a2200193 i 4500 | ||
|---|---|---|---|
| 001 | 140955 | ||
| 003 | ES-MaACL | ||
| 005 | 20230906200204.0 | ||
| 007 | t| | ||
| 008 | 070918s1966 sp ||||1| spa d | ||
| 100 | 1 |
_aWerrie, Paul. _9116513 |
|
| 245 | 1 | 3 |
_aEl amor a la española / _cPaul Werrie ; [traducción Juan Ortega Costa]. |
| 260 |
_aBarcelona : _bSagitario, _c[1966] |
||
| 300 |
_a261 p. ; _c21 cm. |
||
| 650 | 0 | 4 |
_aEspañoles- _xPsicología. _912477 |
| 651 | 4 |
_aEspaña- _xUsos y costumbres. _98515 |
|
| 700 | 1 |
_aOrtega Costa, Juan. _987449 |
|
| 852 |
_aES-MaACL _jC-30501 _bR.60931 |
||
| 999 |
_c140955 _d140955 |
||